[Event "USA-ch Girls 2017"]
[Site "Saint Louis"]
[Date "2017.07.11"]
[Round "4"]
[White "Bykovtsev, Agata"]
[Black "Ulrich, Rachel J"]
[Result "1-0"]
[WhiteElo "2045"]
[BlackElo "2049"]
[Annotator "NA RC"]
[PlyCount "57"]
[EventDate "2017.??.??"]
[EventType "tourn"]
[EventCountry "USA"]
[SourceTitle "playchess.com"]
[Source "ChessBase"]
[SourceQuality "1"]
[TimeControl "40/5400+30:1800+30"]

{[%evp 27,57,-14,19,6,51,21,28,27,22,-105,-101,-92,-94,-104,-110,-182,-68,-89,-72,-54,-8,-9,311,320,478,501,505,502,441,531,532,433]} 1. e4 {[%emt 0:00:00]} c5 {[%emt 0:00:02]} 2. Nf3 {[%emt 0:00:00]} d6 {[%emt 0:00:01]} 3. Nc3 {[%emt 0:00:00]} Nf6 {[%emt 0:00:04]} 4. d4 {[%emt 0:00:00]} cxd4 {[%emt 0:00:05]} 5. Nxd4 {[%emt 0:00:00]} a6 {[%emt 0:00:05]} 6. Bc4 {[%emt 0:00:00]} e6 {[%emt 0:00:02]} 7. O-O {[%emt 0:00:05]} b5 {[%emt 0:00:03]} 8. Bb3 {[%emt 0:00:09]} Be7 {[%emt 0:00:39]} 9. Qf3 {[%emt 0:00:09]} Qb6 {[%emt 0:00:05]} 10. Be3 {[%emt 0:00:34]} Qb7 {[%emt 0:00:08]} 11. Qg3 {[%emt 0:00:42]} O-O {[%emt 0:00:04]} 12. Bh6 {[%emt 0:01:11]} Ne8 {[%emt 0:00:04]} 13. Rfe1 {[%emt 0:01:09]} Bf6 {[%emt 0:01:26] B87: Sicilian Scheveningen/Najdorf: 6 Bc4, with early ...b5} (13... Bd7 14. Rad1 Nc6 15. Nd5 Bd8 16. Nf5 exf5 17. exf5 Ne5 18. Rxe5 dxe5 19. f6 g6 20. Ne7+ {1-0 (20) Rublevsky,S (2678)-Zude,E (2409) Aix les Bains 2011}) 14. Be3 {[%emt 0:25:24]} Bd7 {[%emt 0:02:12]} 15. f3 $146 {[%emt 0:11:54]} ({Predecessor:} 15. Rad1 Nc6 16. f3 Rc8 17. Nxc6 Bxc6 18. Bg5 a5 19. Bxf6 Nxf6 20. a4 bxa4 21. Nxa4 {0-1 (51) Kriebel,T (2363)-Gabuzyan,H (2532) Al Ain 2013}) 15... a5 {[%emt 0:02:24]} 16. a4 {[%emt 0:03:46]} bxa4 {[%emt 0:03:05]} 17. Nxa4 {[%emt 0:02:09]} Na6 {[%emt 0:03:16]} 18. Nb6 {[%emt 0:12:23]} (18. Red1 $11 {remains equal.}) 18... Qxb6 {[%emt 0:01:55]} 19. Nxe6 {[%emt 0:00:04]} Nc5 {[%emt 0:00:11]} 20. Nxf8 {[%emt 0:01:16]} Kxf8 {[%emt 0:00:04]} 21. f4 {[%emt 0:08:55]} (21. Qf2 $17 {might work better.}) 21... Qc7 {[%emt 0:06:44]} ({Don't play} 21... Bxb2 22. Rab1 $17) (21... Qd8 $19 22. Bxc5 dxc5) 22. Bd5 {[%emt 0:03:39]} Rb8 {[%emt 0:02:17]} 23. e5 {[%emt 0:05:35]} dxe5 {[%emt 0:05:23]} ({Better is} 23... Be7 $15 24. Qf3 Kg8) 24. fxe5 {[%emt 0:00:07]} Bxe5 $2 {[%emt 0:00:08] [#]} (24... Be7 $1 $11 {and Black stays safe.}) 25. Qxe5 $1 {[%emt 0:03:41]} Qxe5 {[%emt 0:00:33]} (25... Ne6 {was necessary.}) 26. Bxc5+ {[%emt 0:00:02]} Qd6 {[%emt 0:00:07] [#]} 27. Rxe8+ $1 {[%emt 0:05:56]} Kxe8 {[%emt 0:00:06]} 28. Bxd6 {[%emt 0:00:04]} Rxb2 {[%emt 0:00:04]} 29. Bb3 $18 {[%emt 0:00:20]} 1-0

[Event "USA-ch Girls 2017"]
[Site "Saint Louis"]
[Date "2017.07.11"]
[Round "4"]
[White "Cervantes Landeiro, Thalia"]
[Black "Gorti, Akshita"]
[Result "1/2-1/2"]
[WhiteElo "2032"]
[BlackElo "2232"]
[Annotator "TA"]
[PlyCount "140"]
[EventDate "2017.??.??"]
[EventType "tourn"]
[EventCountry "USA"]
[SourceTitle "playchess.com"]
[Source "ChessBase"]
[SourceQuality "1"]

{[%evp 16,140,0,0,0,0,0,0,11,11,34,16,10,20,10,0,0,-23,8,-8,28,0,8,17,7,20,33,41,28,25,26,34,75,69,70,24,56,44,112,123,117,80,76,78,132,137,164,139,193,188,225,227,227,224,235,225,209,161,147,152,142,131,142,150,242,233,221,0,0,0,0,-21,0,0,0,0,0,0,0,0,0,0,0,0,0,0,0,0,0,-10,19,17,17,18,106,0,67,0,34,0,0,0,67,8,13,0,67,18,141,14,14,26,37,45,87,10,47,0,8,0,0,0,0,0,0,0,0]} 1. d4 e6 2. c4 Nf6 3. Nc3 Bb4 4. e3 O-O 5. Bd3 d5 6. cxd5 exd5 7. Nge2 Re8 8. O-O Bf8 9. Nf4 {LiveBook: 4 Games. E48: Nimzo-Indian: Rubinstein: 5 Bd3 d5 including 6 Ne2, but excluding 6 a3} c6 10. Bd2 $146 ({Predecessor:} 10. a3 Nbd7 11. f3 Nb6 12. g4 g6 13. Rf2 c5 14. g5 Nfd7 15. h4 cxd4 16. exd4 Bg7 {1-0 (64) Sokolov,I (2665)-Bosch,J (2440) Amsterdam 1996}) 10... a5 11. Rc1 Na6 12. f3 c5 13. Kh1 (13. Bxa6 $5 Rxa6 14. Re1 $11) 13... b6 14. dxc5 Nxc5 15. Bc2 Ba6 16. Re1 g6 17. a3 Bg7 18. b4 axb4 19. axb4 Ne6 20. Nxe6 fxe6 21. Ba4 Re7 $1 22. Bc6 Bb7 23. b5 Rc8 24. Ne2 e5 25. Qb3 Bxc6 $1 26. Rxc6 Kh8 (26... Rxc6 $14 27. bxc6 Qc7) 27. Rec1 Ra8 28. Bb4 Rd7 29. h3 d4 (29... Qg8 $142) 30. exd4 $16 exd4 31. Nf4 Nd5 (31... Rb8 $16 {was called for.} 32. Qe6 Ra8) 32. Ne6 $18 Qg8 33. Nxg7 Kxg7 34. Bd6 $1 Nf6 35. Qb4 $1 Qd5 36. Re1 {Threatens to win with Be5.} Re8 37. Rxe8 Nxe8 38. Bf8+ Kf7 39. Bh6 $1 {[%csl Gh6][%cal Rb4f8]} (39. Rxb6 $6 Qg5 $11) 39... Nd6 (39... Ng7 $16 {might work better.} 40. Rxb6 Ne6) 40. Rxb6 g5 {[#] intending ...d3.} 41. Rb8 $2 (41. h4 $1 $18) 41... Kg6 $11 42. Bf8 d3 $1 {[%cal Rd3d2]} 43. Qb1 (43. Bxd6 $5 d2 44. Rg8+ (44. Qb1+ Kh5 $17) 44... Kf7 45. Rf8+ Kg6 46. Rg8+ (46. Qb1+ $2 Kh6 $19) 46... Qxg8 47. Qe4+ Kg7 48. Qd4+ (48. Be5+ Kf8 $11) 48... Kg6 49. Qd3+ Kh5 50. g4+ Kh6 51. f4 $11) 43... Nf5 (43... Kf6 $5 {[%cal Rd3d2]} 44. Qb2+ Qe5 $11) 44. Rb6+ Kf7 45. Bb4 Ng3+ 46. Kh2 {Bc3 is the strong threat.} Ne2 {Hoping for ...Qe5+.} 47. Qa1 $40 {[%mdl 128] Qf6+ would kill now. White attacks.} Qd4 48. Qxd4 Nxd4 {[%mdl 4096] Endgame KRB-KRN} 49. Bd2 Nb3 50. Bxg5 d2 51. Bxd2 $1 Nxd2 {KRN-KR} 52. Rb8 Kg7 53. b6 Nb3 54. Rc8 ({Much worse is} 54. b7 Kh6 $15) 54... Kh6 (54... Kf6 $11) 55. Rc7 (55. f4 $16 Na5 56. g4) 55... Rd8 (55... Rd5 $11) 56. f4 (56. b7 $14 Na5 57. f4) 56... Rb8 57. Rc6+ {[%mdl 1024] White has compensation.} Kg7 58. g4 h6 ({Black should play} 58... Kg8 $11) 59. Rc7+ (59. Kg3 $1 $14) 59... Kf6 60. Rc6+ (60. b7 $11) 60... Kg7 $14 61. f5 {Threatening Kg3.} Nd4 {[#]} (61... Na5 $1 $11 {remains equal.} 62. Rc7+ Kf6) 62. Rd6 (62. Rg6+ $1 $16 Kh7 63. Kg3) 62... Nf3+ $1 $11 63. Kg3 Ne5 $1 64. Kf4 Nf7 65. Rc6 ({Better is} 65. Rg6+ $16 Kf8 66. Ke4) 65... Rd8 66. Rc7 Rd4+ {The position is equal.} 67. Kg3 Rb4 68. b7 Kf6 69. Rc6+ Kg7 70. Rc7 Kf6 {Precision: White = 52%, Black = 46%.} 1/2-1/2

[Event "USA-ch Girls 2017"]
[Site "Saint Louis"]
[Date "2017.07.12"]
[Round "5"]
[White "Feng, Maggie"]
[Black "Cervantes Landeiro, Thalia"]
[Result "1-0"]
[WhiteElo "2298"]
[BlackElo "2032"]
[Annotator "TA"]
[PlyCount "65"]
[EventDate "2017.??.??"]
[EventType "tourn"]
[EventCountry "USA"]
[SourceTitle "playchess.com"]
[Source "ChessBase"]
[SourceQuality "1"]

{[%evp 20,65,33,20,25,14,1,9,33,26,47,50,44,32,52,52,57,69,95,88,132,125,139,24,176,82,134,145,300,291,307,304,592,582,534,377,550,487,491,480,757,725,814,796,1161,1145,1948,1901]} 1. Nf3 Nf6 2. g3 g6 3. Bg2 Bg7 4. c4 O-O 5. d4 c6 6. Nc3 d5 7. cxd5 cxd5 8. Ne5 e6 9. O-O Nfd7 10. f4 f6 11. Nf3 f5 {D79: Fianchetto Grünfeld: Symmetrical Variation (6 0-0 c6 7 cxd5 cxd5)} (11... Nc6 12. b3 f5 13. Ba3 Re8 14. Rc1 Nf6 15. e3 Bd7 16. Ne5 {½-½ (16) Miroshnichenko,E (2632)-Harikrishna,P (2659) Kallithea 2008}) 12. Be3 Nf6 13. Ne5 Nbd7 $146 {The position is equal.} (13... Bd7 $5) ({Predecessor:} 13... Bd7 14. Rc1 Nc6 15. Na4 Ne4 16. Bxe4 fxe4 17. Nc5 Nxe5 18. dxe5 b6 19. Nb7 {1-0 (77) Kharitonov,A (2550)-Yandemirov,V (2460) Elista 1995}) 14. Rc1 Ne4 15. Qb3 Ndf6 16. Rc2 (16. Bxe4 $5 dxe4 17. d5 $16) 16... Nxc3 17. bxc3 {[%cal Bb2c3,Bc3c4,Bc4c5,Bc5b6,Bb6b7][%mdl 32]} b6 18. c4 $36 {[%mdl 2048] White fights for an advantage.} Bb7 19. c5 Ng4 20. Nxg4 fxg4 21. Bf2 ({White should play} 21. c6 $16 Ba6 22. Qa4 (22. c7 Qd7 $11)) 21... Kh8 $2 (21... Qd7 $11) 22. Rb1 (22. Qa4 $18 {has better winning chances.}) 22... g5 (22... Qe8 $142) 23. cxb6 $16 gxf4 $2 (23... axb6 $16 {was worth a try.} 24. Qxb6 Qxb6 25. Rxb6 Bc8) 24. Rc7 $18 Ba6 {Hoping for ...axb6.} 25. Rxa7 (25. Qc2 axb6 26. gxf4 (26. Rxb6 Ra7 $11) 26... Rxf4 $15) 25... Bc4 $2 (25... Bxe2 {was necessary.} 26. Rxa8 Qxa8 27. gxf4 Ba6) 26. Rxa8 Qxa8 27. b7 Qb8 (27... Qa6 $142 28. Qb6 Qxb6 29. Rxb6 Rb8 30. Rxe6 Rxb7) 28. Qb2 {White is clearly winning.} Rf7 {[#]} 29. Qb6 $1 ({Not} 29. gxf4 Ba6 $16) 29... h6 (29... Bf8 $142 30. Qc6 Bd6 31. Qxd6 Qxd6 32. b8=Q+ Qxb8 33. Rxb8+ Kg7 34. gxf4 Ra7) 30. a4 Ba2 31. Rb2 f3 32. exf3 Rc7 {[#]} 33. Qxc7 $1 {[%mdl 512] Precision: White = 55%, Black = 22%.} 1-0

[Event "USA-ch Girls 2017"]
[Site "Saint Louis"]
[Date "2017.07.12"]
[Round "5"]
[White "Virkud, Apurva"]
[Black "Eswaran, Ashritha"]
[Result "1/2-1/2"]
[WhiteElo "2252"]
[BlackElo "2086"]
[Annotator "TA"]
[PlyCount "94"]
[EventDate "2017.??.??"]
[EventType "tourn"]
[EventCountry "USA"]
[SourceTitle "playchess.com"]
[Source "ChessBase"]
[SourceQuality "1"]

{[%evp 17,94,27,11,1,29,0,2,-7,2,2,2,-4,39,5,8,8,10,-39,0,-39,-41,-97,-49,-41,-43,-50,-42,-67,-68,-153,-95,-96,-73,-84,-85,-137,-120,-152,-146,-147,-76,-198,-211,-279,-280,-279,-210,-218,-218,-251,-241,-238,-218,-207,-184,-577,-548,-484,-193,-407,-102,-95,-91,-143,-68,-112,-36,-38,-37,-36,-11,-36,0,-36,-47,-109,-36,-41,0]} 1. d4 d5 {[%cal Bd7d5,Bd5d4][%mdl 32]} 2. c4 e5 3. dxe5 d4 4. Nf3 Nc6 5. g3 Nge7 {[%cal Bg8e7,Be7g6,Bg6e5][%mdl 32]} 6. Bg2 Ng6 7. Bg5 {D09: Albin Counter Gambit: Main line with 5 g3} (7. O-O Ngxe5 8. Nbd2 Nxf3+ 9. Nxf3 Bc5 10. Ne1 O-O 11. Nd3 Be7 12. Bf4 a5 13. Qc1 Bf6 14. Rd1 Qe7 15. e3 {0-1 (30) Belous,V (2584)-Morozevich,A (2731) Moscow 2014}) 7... Qd7 8. O-O h6 9. Bc1 Ngxe5 {LiveBook: 11 Games} 10. b3 Bc5 11. Bb2 O-O 12. Nbd2 {Black should prevent Nxe5.} Rd8 13. Nxe5 Nxe5 14. Ne4 $146 ({Predecessor:} 14. Nf3 Nc6 {½-½ (71) Karelin,E (2073)-Lannaioli,A (2235) ICCF email 2005}) 14... Be7 15. Qc2 Qf5 16. Rad1 c5 17. Bc1 Qh5 18. Bf4 (18. f4 $5 {[%cal Rf4e5]} Nc6 19. Nf2 $11) 18... Nc6 19. Bf3 ({White should try} 19. f3 $15) 19... Bg4 (19... Qg6 {is interesting.} 20. Bg2 Bf5 21. f3 Qe6 22. Qb2 a5) 20. Bxg4 Qxg4 21. f3 Qe6 22. a3 b6 23. Rd3 (23. Rfe1 $15) 23... f5 ({Black should play} 23... g5 24. Bc1 a5) 24. Nf2 $17 Bd6 25. Bxd6 Rxd6 26. f4 (26. Rd2 $142) 26... a5 27. Rb1 Re8 28. Re1 {[#]} a4 $1 {[%mdl 512]} 29. bxa4 (29. b4 $17) 29... Na5 $19 30. Rc1 Qxe2 31. Rd2 Qe3 {Strongly threatening ...d3!} 32. Rd3 Qe7 33. Rd2 Re6 34. Nd3 Re2 35. Rxe2 Qxe2 36. Ne5 $2 (36. Qxe2 Rxe2 37. Ne5) 36... Qe3+ 37. Kg2 Qe4+ $2 (37... Rxe5 38. fxe5 d3) 38. Kg1 $2 (38. Qxe4 fxe4 39. Rb1) 38... Rd8 $2 (38... Rxe5 $19 {has better winning chances.} 39. fxe5 d3) 39. Nd3 $17 Qe6 40. Kg2 (40. Kf2 $142) 40... Kh7 (40... Re8 $17 {White must now prevent ...Qe2+.} 41. Kh3 Nc6) 41. Kg1 h5 (41... Rd6 $17) 42. Ne5 $15 g6 43. Qd3 Qe8 44. Re1 {[#]} Rd7 $1 {[%mdl 512]} 45. Rb1 (45. Qb1 $5 {[%cal Re5d7]} Rd6 46. Qb5 Qxb5 47. axb5 $11) (45. Nxd7 Qxe1+) 45... Rd6 46. Rb5 ({White has to play} 46. Qf3 $1 $15) 46... Qe6 (46... Nc6 $17 47. Nf3 Kg8) 47. Rb1 Qe8 {Precision: White = 29%, Black = 35%.} 1/2-1/2

[Event "USA-ch Girls 2017"]
[Site "Saint Louis"]
[Date "2017.07.12"]
[Round "5"]
[White "Gorti, Akshita"]
[Black "Nguyen, Emily"]
[Result "1-0"]
[WhiteElo "2240"]
[BlackElo "2048"]
[Annotator "TA"]
[PlyCount "47"]
[EventDate "2017.??.??"]
[EventType "tourn"]
[EventCountry "USA"]
[SourceTitle "playchess.com"]
[Source "ChessBase"]
[SourceQuality "1"]

{[%evp 9,47,29,36,37,38,23,29,18,37,31,42,31,72,67,140,154,303,318,423,287,275,254,623,398,696,513,504,497,584,612,838,845,938,579,1097,1091,1089,1100,1206,1199]} 1. d4 d5 2. c4 c6 3. Nf3 Nf6 4. e3 e6 5. b3 c5 6. cxd5 {D30: Queen's Gambit Declined: Systems without Nc3} Nxd5 7. Bb2 cxd4 8. Nxd4 {White has an edge.} Bb4+ 9. Nd2 e5 $146 ({Predecessor:} 9... O-O 10. a3 Bc3 11. Bxc3 Nxc3 12. Qc2 Nd5 13. Bd3 {½-½ (38) Rodshtein,M (2689)-Duda,J (2666) Drancy 2016}) 10. N4f3 e4 11. Nd4 ({Wrong is} 11. Bxg7 $2 Rg8 $19) 11... Qh4 (11... O-O $14) 12. Bb5+ $16 Kf8 (12... Nd7 $16) 13. O-O $18 Nf6 14. Qc2 Nbd7 15. Rac1 {[#] Hoping for Nf5.} Bd6 $2 (15... Kg8 16. a3 Bd6) 16. g3 Qg4 $2 (16... Qh3 17. Qxc8+ Rxc8 18. Rxc8+ Ke7 19. Bxd7 Kxd7 20. Rxh8 Ng4) 17. Be2 {White is clearly winning.} Qg6 18. Nb5 Bb4 19. a3 Bxd2 20. Qxd2 Ne8 21. Nxa7 Qd6 22. Bd4 Rxa7 23. Rxc8 Ke7 24. Rd1 {Precision: White = 73%, Black = 20%.} 1-0

[Event "USA-ch Girls 2017"]
[Site "Saint Louis"]
[Date "2017.07.12"]
[Round "5"]
[White "Ulrich, Rachel J"]
[Black "Yip, Carissa"]
[Result "1-0"]
[WhiteElo "2073"]
[BlackElo "2261"]
[Annotator "TA"]
[PlyCount "71"]
[EventDate "2017.??.??"]
[EventType "tourn"]
[EventCountry "USA"]
[SourceTitle "playchess.com"]
[Source "ChessBase"]
[SourceQuality "1"]

{[%evp 29,71,-77,-67,-58,-59,-80,-54,-116,-104,-102,0,0,2,0,130,134,160,156,171,150,167,161,155,141,185,168,264,200,199,198,199,189,220,227,843,805,931,901,804,769,29985,29986,29995,29996]} 1. e4 c5 2. Nf3 d6 3. d4 cxd4 4. Nxd4 Nf6 5. Nc3 a6 6. Be3 e5 7. Nb3 Be6 8. f3 Nbd7 9. Qd2 b5 10. O-O-O Be7 11. g4 {B90: Sicilian Najdorf: Unusual White 6th moves, 6 Be3 Ng4 and 6 Be3 e5} b4 (11... Nb6 12. g5 Nh5 13. Na5 Qc7 14. Kb1 O-O 15. Rg1 b4 16. Nd5 Nxd5 17. exd5 Qxa5 18. dxe6 fxe6 19. Bh3 Nf4 20. Bxf4 Rxf4 21. Bxe6+ {1-0 (59) Ponomariov,R (2706)-Nepomniachtchi,I (2719) Almaty 2016}) 12. Nd5 Bxd5 13. exd5 Nb6 14. Bxb6 Qxb6 15. Kb1 O-O {LiveBook: 10 Games} 16. h4 a5 {[%cal Ba6a5,Ba5a4][%mdl 32]} 17. g5 {[#]} Nh5 $1 18. Bd3 (18. Bh3 $15) 18... a4 {[#]} 19. Nc1 $146 Qa7 (19... g6 $17 20. Ne2 f6) 20. Ne2 Rfb8 (20... b3 $5) 21. f4 {[%cal Bf3f4,Bf4e5,Be5e6][%mdl 32]} Bd8 (21... Qc7 $11) 22. fxe5 $16 b3 23. a3 ({Don't take} 23. exd6 $6 Ba5 $14) 23... bxc2+ 24. Qxc2 g6 25. e6 f5 26. Nc3 Qc5 {...Qxa3 would now be nice for Black.} 27. Ka1 Rc8 (27... Be7 $142 28. Rhg1 Rb7) 28. Rc1 Be7 29. Nxa4 Qxc2 30. Bxc2 {[#] Strongly threatening Nb6.} Ng3 31. Rhe1 Rxc2 $2 (31... Ne2) 32. Rxc2 $18 Rxa4 33. Rc8+ Kg7 34. Rec1 {Intending R1c7 and mate.} f4 35. Re8 Ra7 36. Rcc8 {Precision: White = 87%, Black = 32%.} 1-0

[Event "USA-ch Girls 2017"]
[Site "Saint Louis"]
[Date "2017.07.12"]
[Round "5"]
[White "Wang, Annie"]
[Black "Bykovtsev, Agata"]
[Result "1-0"]
[WhiteElo "2023"]
[BlackElo "2045"]
[Annotator "NA RC"]
[PlyCount "115"]
[EventDate "2017.??.??"]
[EventType "tourn"]
[EventCountry "USA"]
[SourceTitle "playchess.com"]
[Source "ChessBase"]
[SourceQuality "1"]
[TimeControl "40/5400+30:1800+30"]

{[%evp 8,115,51,18,32767,32767,32767,32767,12,3,44,7,32767,32767,32767,32767,32767,32767,32767,32767,69,32767,171,125,144,136,135,119,141,106,141,143,150,81,81,100,99,64,62,15,30,6,27,14,11,-9,-8,-16,2,0,4,-25,58,-30,-4,-32,32767,32767,0,-174,-183,-163,-68,-139,-102,-146,24,3,106,93,126,219,277,215,416,181,372,347,438,538,637,520,602,668,741,1100,943,472,577,700,750,941,522,1052,889,1036,1118,2006,4686,3551,2595,4686,29979,29982,29982,29960,29983,29986,29986,29987]} 1. d4 {[%emt 0:00:00]} Nf6 {[%emt 0:00:04]} 2. c4 {[%emt 0:00:00]} g6 {[%emt 0:00:02]} 3. Nc3 {[%emt 0:00:00]} Bg7 {[%emt 0:00:08]} 4. Nf3 {[%emt 0:00:00]} d6 {[%emt 0:00:06]} 5. Bg5 {[%emt 0:00:00]} h6 {[%emt 0:00:05]} 6. Bh4 {[%emt 0:00:08]} g5 {[%emt 0:00:05]} 7. Bg3 {[%emt 0:00:09]} Nh5 {[%emt 0:00:22]} 8. e3 {[%emt 0:00:13] LiveBook: 222 Games} e6 {[%emt 0:00:19]} 9. Be2 {[%emt 0:00:10]} Qe7 {[%emt 0:00:32] E61: King's Indian: Early deviations for White, including Smyslov System} 10. Qc2 {[%emt 0:00:12]} Nd7 {[%emt 0:00:36]} (10... Nc6 11. Nd2 Nxg3 12. hxg3 Bd7 13. O-O-O O-O-O 14. Kb1 Kb8 15. Nb3 f5 16. a3 Rdf8 {½-½ (34) Moiseenko,A (2646)-Cheparinov,I (2670) Kemer 2007}) 11. O-O-O {[%emt 0:00:12]} Ndf6 {[%emt 0:00:35]} 12. Nd2 {[%emt 0:00:13]} (12. Ne1 c6 13. e4 Nxg3 14. hxg3 e5 15. d5 cxd5 16. cxd5 O-O 17. Qd2 {0-1 (54) Wang,A (2061)-Bykovtsev,A (2158) Manchester 2016}) 12... Nxg3 {[%emt 0:03:57]} 13. hxg3 {[%emt 0:00:10]} O-O $146 {[%emt 0:15:25]} ({Predecessor:} 13... Bd7 14. Bf3 c6 15. Nde4 Nxe4 16. Nxe4 f5 17. Bh5+ {0-1 (54) Inkiov,V (2476)-Spirin,O (2491) Creon 2011}) 14. Kb1 {[%emt 0:12:31]} Ne8 {[%emt 0:11:52]} (14... e5 $14) 15. g4 {[%emt 0:20:57]} f5 {[%emt 0:05:52]} 16. gxf5 {[%emt 0:01:59]} exf5 {[%emt 0:00:15]} 17. Bd3 {[%emt 0:00:57]} c6 {[%emt 0:08:30]} 18. Nf1 {[%emt 0:04:06]} Be6 {[%emt 0:13:22]} 19. Ng3 {[%emt 0:06:22]} Qf7 {[%emt 0:04:16]} 20. Qe2 {[%emt 0:06:45]} (20. d5 $142 cxd5 21. Nxd5) 20... d5 {[%emt 0:03:32]} 21. cxd5 {[%emt 0:06:55]} cxd5 {[%emt 0:00:11]} 22. Bc2 {[%emt 0:05:08]} Nd6 {[%emt 0:05:47]} 23. Rdf1 {[%emt 0:02:34]} Ne4 {[%emt 0:04:28]} 24. Ngxe4 {[%emt 0:01:34]} dxe4 {[%emt 0:00:50]} 25. Rc1 {[%emt 0:06:32]} a6 {[%emt 0:10:43]} 26. f3 {[%emt 0:11:47]} exf3 {[%emt 0:00:50]} 27. gxf3 {[%emt 0:00:08]} b5 {[%emt 0:02:12]} 28. d5 {[%emt 0:00:55]} Bd7 {[%emt 0:00:55]} 29. Bb3 {[%emt 0:00:34]} Rfe8 {[%emt 0:03:05]} (29... Rad8 $11) 30. Qd2 {[%emt 0:01:03]} ({White should try} 30. Rhd1 $16) 30... Rad8 {[%emt 0:01:22]} 31. Ka1 {[%emt 0:02:02]} Kh7 {[%emt 0:02:11]} 32. e4 {[%emt 0:04:05]} Qf6 {[%emt 0:01:58]} 33. Nd1 $2 {[%emt 0:01:13]} (33. exf5 $11 {and White stays safe.} Bxf5 34. Rcg1) 33... fxe4 {[%emt 0:01:06]} 34. fxe4 {[%emt 0:00:11]} Kh8 {[%emt 0:00:41]} (34... Rxe4 $19 35. Bc2 Bf5 36. Bxe4 Bxe4) 35. Nf2 {[%emt 0:01:17] [#]} (35. Bc2 $15) 35... a5 $1 {[%emt 0:00:15]} 36. Rcf1 {[%emt 0:01:44] [#]} Qg6 $2 {[%emt 0:01:21]} (36... Rf8 $1 $17 37. Kb1 a4) 37. Qxa5 {[%emt 0:03:07]} Ra8 {[%emt 0:00:12]} (37... Rf8 $11 {keeps the balance.}) 38. Qd2 {[%emt 0:00:16]} Ra6 {[%emt 0:00:39] [#]} ({Black should play} 38... g4 $14) 39. Nd3 $1 {[%emt 0:00:36]} Rea8 {[%emt 0:00:35]} (39... Rf6 $142 40. Rfg1 Bc8) 40. Nc5 {[%emt 0:00:00]} R6a7 $2 {[%emt 0:00:34]} (40... Rd6 {might work better.} 41. Bd1 Be5) 41. Re1 $2 {[%emt 0:09:31]} (41. d6) 41... Be8 $2 {[%emt 0:17:15]} (41... Qb6) 42. Ne6 {[%emt 0:08:33]} Kg8 {[%emt 0:01:59]} 43. Rhf1 {[%emt 0:06:20]} Bf7 {[%emt 0:02:15]} 44. Nxg7 {[%emt 0:00:32]} Kxg7 {[%emt 0:03:17]} 45. Qd4+ {[%emt 0:02:33]} Kg8 {[%emt 0:00:18]} 46. Rf6 {[%emt 0:01:34]} Qg7 {[%emt 0:00:26]} 47. Ref1 {[%emt 0:00:38]} Ra6 {[%emt 0:02:56]} 48. Rxa6 {[%emt 0:01:54]} Qxd4 {[%emt 0:00:19]} 49. Rxa8+ {[%emt 0:00:06]} Kg7 {[%emt 0:00:15]} 50. Rc8 {[%emt 0:00:42]} Qd3 {[%emt 0:02:11]} 51. Rd1 {[%emt 0:02:05]} Qf3 {[%emt 0:03:06]} 52. e5 {[%emt 0:01:32]} g4 {[%emt 0:01:19]} 53. Rc7 {[%emt 0:00:41]} Kg6 {[%emt 0:00:27]} 54. e6 {[%emt 0:00:30]} Bxe6 {[%emt 0:00:44]} 55. dxe6 {[%emt 0:00:09]} Qe2 {[%emt 0:00:48]} 56. Rcc1 {[%emt 0:00:18]} Qe5 {[%emt 0:00:20]} 57. Re1 {[%emt 0:00:08]} Qb8 {[%emt 0:00:27]} 58. e7 {[%emt 0:00:12]} 1-0